000 00381pab a2200157 454500
008 180718b2001 xxu||||| |||| 00| 0 eng d
100 _aBarber, Brad M.
245 _aThe internet and the investor
260 _c2001
300 _ap.41-54
362 _aWinter
650 _aInternet
700 _aOdean, Terrance
773 _aJournal of Economic Perspectives
909 _a48513
999 _c48513
_d48513